000 00966pam a2200265 i 4500
005 20160214083810.0
008 900503s1991 dcua b 001 0 eng
020 _a1560980060 (cloth : alk. paper)
020 _a1560980079 (paper : alk. paper)
040 _aDLC
_cDLC
_dDLC
_dCO-BoIAVH
041 0 _aeng
082 0 4 _a584.39
_bB53h
100 1 _aBerry, Fred,
_d1927-
245 1 0 _aHeliconia :
_ban identification guide /
_cFred Berry and W. John Kress.
260 _aWashington :
_bSmithsonian Institution Press,
_cc1991.
300 _aviii, 334 páginas :
_bilustraciones ;
_c20 cm.
504 _aIncluye referencias bibliográficas e índice.
650 1 4 _aHeliconias
650 2 4 _aHeliconias
_xIdentificación
650 2 4 _aHeliconias
_xDistribución geografíca
650 2 4 _aHeliconias
_xClasificación
650 2 4 _aHeliconias
_xObras ilustradas
700 1 _aKress, W. John,
_eautor.
942 _2ddc
_cLIBRO
999 _c1383
_d1383